| 000 | 00725nam a22002537a 4500 | ||
|---|---|---|---|
| 003 | OSt | ||
| 005 | 20150525103628.0 | ||
| 008 | 130207t xxu||||| |||| 00| 0 eng d | ||
| 020 | _a9716857481 | ||
| 050 |
_aLB 3058.P6 _b.N322 2012 |
||
| 100 | _aNavarro, Rosita L. | ||
| 245 |
_aAssessment of learning : _boutcomes / _cRosita L. Navarro, Rosita G. Santos. |
||
| 260 |
_aQuezon City : _bLorimar Pub. _c2012. |
||
| 300 |
_avi, 109 pages : _billustrations ; _c26 cm. |
||
| 500 | _aIncludes bibliographical references and appendix. | ||
| 700 | _aSantos, Rosita G. | ||
| 942 |
_2lcc _cBK _kLOC |
||
| 999 |
_c284350 _d284350 |
||